000 00334 a2200157 4500
001 161304
020 _a
040 _cMagnum
100 _a-
240 1 0 _aAli baba e os 40 ladroes/globo
_lpor
245 1 0 _aAli baba e os 40 ladroes/globo
362 0 _a1899
440 1 _aGlobo
697 _aIJ/AVENTURA, CRIANCAS
942 _cBK
999 _c161304
_d161304